Top five Middle Eastern countries with the highest percent of Christians - Statistics

General Stats
  • This quiz has been taken 590 times
  • The average score is 4 of 5
Answer Stats
Percentage Country % Correct
41% Lebanon
96%
10% Syria
89%
11% Egypt
83%
6% Jordan
82%
78% Cyprus
72%
No matching quizzes found
Score Distribution
Percent of People with Each Score
Percentile by Number Answered
Your Score History
You have not taken this quiz